| 000 | 01713aam a2200325 i 4500 | ||
|---|---|---|---|
| 001 | 768714001 | ||
| 003 | CO-MdFUSB | ||
| 005 | 20220224110140.0 | ||
| 007 | ta | ||
| 008 | 220224t1990 |||| |||| 00| 0 spa d | ||
| 020 | _a9589149413 | ||
| 040 |
_bspa. _aCO-MdFUSB _cCO-MdFUSB _dCO-MdFUSBC _erda |
||
| 041 |
_aspa _heng |
||
| 082 | 0 | 4 |
_a270.92 _223 _bH933t |
| 100 | 1 |
_aHundley, Ramón Curtis (Raymond ) _eautor |
|
| 240 | _aRadical liberation theology | ||
| 245 | 1 | 0 |
_aTeología de la liberación : _buna respuesta evangélica _c/ Raymond C. Hundley ; traducido por María Teresa Polanía C. |
| 264 | 1 |
_aColombia : _bCentros de Literatura Cristiana, _c[1990] |
|
| 264 | 4 | _c© 1990 | |
| 300 |
_a178 páginas _c; 21 cm |
||
| 336 |
_atexto _btxt _2rdacontent |
||
| 337 |
_2rdamedia _asin mediación _bn |
||
| 338 |
_2rdacarrier _avolumen _bnc |
||
| 505 | _a¿Existen varias teologías de la liberación? --¿Cómo nació la teología de la liberación? -- ¿Cómo hacen teología los liberacionistas? -- ¿Qué en cuanto a la Biblia? -- ¿Es violenta la Teología de la liberación? -- Es marxista la Teología de la liberación? -- Qué creen los liberacionistas -- ¿Tienen razón... o están equivocados? -- El concilio mundial de iglesias y teología de la liberación. -- ¿Cuál es el pensamiento del vaticano sobre teología de la liberación? -- ¿Cuál es la posición de los evangélicos latinoamericanos frente a la teología de la liberación? -- El ministerio social de la iglesia y la teología de la liberación. | ||
| 563 | _aRústico | ||
| 650 | 7 |
_9449 _aTeología de la liberación |
|
| 700 |
_96302 _aPolanía C., María Teresa, _etraductor |
||
| 942 | _cBK | ||
| 945 | _aJTF-925 | ||
| 999 |
_c38703 _d38703 |
||